Statistiken für Top 50 Twitch Streamer Juni 2023

Klicken Sie hier um das Quiz zu spielen!

Allgemein

  • Dieses Quiz wurde 1.151 mal gespielt
  • Das Durchschnittsergebnis liegt bei 12 aus 50

Antwortstatistiken

ViewerAntwort% Korrekt
21.729Montanaback88
95%
26.740eliasn97
83%
18.098Papaplatte
81%
8.738Trymacs
77%
7.194RevedTv
75%
5.416BastiGHG
61%
13.996TheRealKnossi
60%
3.572HoneyPuu
54%
20.291Gronkh
53%
5.747xRohat
47%
7.099Rezo
38%
4.156Pietsmiet
35%
3.765xFibii
35%
4.234MckyTv
34%
11.818Noway4u_Sir
34%
3.755Elotrix
32%
5.225NiklasWilson
30%
4.720LetsHugoTv
29%
5.262SidneyEweka
26%
2.776Dhalucard
25%
2.551Unsympathisch_Tv
25%
4.351Bonjwa
21%
2.883Tanzverbot
20%
3.348Tolkin
17%
5.821AbuGoku9999
16%
10.307GamerBrother
16%
7.383Tisischubech
11%
5.355Staiy
9%
3.327Shlorox
7%
5.781EintrachtSpandau
5%
3.055KubaFps
5%
2.468Otto_Bulletproof
5%
2.527Sologesang
5%
2.513Dekarldent
4%
10.708JessiRocks
4%
3.834PrimeLeague
4%
4.023SkylineTvLive
4%
4.233SummonersInnLive
4%
3.444Kayayanar
3%
3.255Metashi12
3%
12.597NNOPrime
3%
2.458RoyalPhunk
3%
6.086CalcioBerlin
2%
2.626Dracon
2%
3.028AmazonMusicDE
1%
3.451Jordan_Semih
1%
4.150KickerEsport
1%
2.507MrWarenkorb
1%
2.668Sinan_Knast
1%
4.672VBL_Official
1%

Verteilung der Resultate

Perzentil nach korrekt beantworteten Fragen

Anzahl Personen mit jedem Resultat

Ihre Resultats-Entwicklung

Sie haben dieses Quiz noch nicht gespielt